00250nam a2200097Ia 4500008004100000100003000041245002000071260003200091300000900123650002000132190216s9999||||xx |||||||||||||| ||und|| aUnikrishnan Thiruvazhiode 0aNagachithrangal bPoorna Pubs Kozhikodec1983 a106p aMalayalam Novel